UK Prime ministers - Statistics

General Stats
  • This quiz has been taken 25 times
  • The average score is 14 of 16
Answer Stats
Picture Answer % Correct
David Cameron
100%
Keir Starmer
100%
Margaret Thatcher
100%
Boris Johnson
96%
Theresa May
96%
Tony Blair
96%
Liz Truss
92%
Rishi Sunak
92%
Harold Wilson
88%
Gordon Brown
84%
John Major
80%
Harold Macmillan
76%
James Callaghan
76%
Edward Heath
72%
Anthony Eden
64%
Alec Douglas-Home
52%
No matching quizzes found
Score Distribution
Percent of People with Each Score
Percentile by Number Answered
Your Score History
You have not taken this quiz